000 00849nam a2200277 4500
001 0000014627
003 CO-CtgCURN
005 20250331191039.0
007 ta
008 160627s2010 000 0 eng d
020 _a9788402421111
040 _aCO-CtgCURN
_bspa
_ccoctgcurn
082 0 _a808.813
_bAt95
100 1 _aAtwood, Margaret.
245 1 0 _aHistorias reales :
_bpoesia /
_cMargaret Atwood, traducción María Pilar Somacarrera iñigo.
260 _aBarcelona :
_bBruguera,
_c2010.
300 _a213 p.
336 _2rdacontent
337 _2rdamedia
_asin mediacion
_bn
338 _2rdacarrier
_avolumen
_bnc
500 _aTitulo original: True Stories.
650 1 4 _aPoesia narrativa.
908 _a160627
942 _cBK
_h808.813
_iAt95
_2ddc
999 _c25683
_d25683